000 01782cam a22004694i 4500
003 PE-LiUPU
005 20250731173001.0
008 150623s r 000 0 d
020 _a0310220254
035 _a(Sirsi) i9780310220251
040 _aPE-LiUPU
_bspa
_cPE-LiUPU
_erda
049 _aPRUA
082 0 4 _a259.1
_bC59
_221
100 1 _aChap, Clark,
_d1954-,
_eautor.
245 1 4 _aThe youth worker's handbook to family ministry :
_bstrategies and practical ideas for reaching your students' families /
_cChap Clark.
264 1 _aGrand Rapids, Michigan :
_bZondervan Publishing House,
_c1997.
300 _a127 páginas :
_bilustraciones, gráficos ;
_c23 centímetros
336 _atext
_2rdacontent
337 _aunmediated
_2rdamedia
338 _avolume
_2rdacarrier
490 0 _aYouth Specialties
505 0 _aDefining family ministry. -Creating a successful family ministry. -Involving moms and dads in family ministry. -Programming your family ministry. -Providing materials to strengthen families where they live.
526 _aSEG42
526 _aSEG41
526 _aSEG40
526 _aSEG39
526 _aP94
526 _aP87
526 _aP86
526 _aP85
526 _aP77
526 _aP76
526 _aP35
650 0 4 _aTrabajo de Iglesia con adolescentes.
650 0 4 _aTrabajo de iglesia con familias.
942 _2ddc
_cBOOK
949 _a259.1 C59
_wDEWEY
_c1
_i45533
_lCCODEBUL1
_mBUL
_r0
_sY
_tBOOK
_u2015-6-24
_xTEOLOGIA
_PP35
_0COMPRA
_o.STAFF. Colección General
994 _aC0
_bPEPRU
596 _a1
999 _a259.1 C59
_wDEWEY
_c22395
_i45533
_f2021-11-10
_g5
_lCCODEBUL1
_mBUL
_r0
_sY
_tBOOK
_u2015-6-24
_xTEOLOGIA
_PP35
_0COMPRA
_o.STAFF. Colección General
_d22395
980 _81
_gALBERTO SANCHEZ Responsable de Automatización